Music Artists by Country #2 - Statistics

General Stats
  • This quiz has been taken 455 times
  • The average score is 11 of 20
Answer Stats
Artists Country % Correct
Michael Jackson, Bob Dylan, Beyoncé United States
99%
The Weeknd, Bryan Adams, Joni Mitchell Canada
94%
Shakira, J Balvin, Karol G Colombia
88%
Coldplay, George Michael, Mick Jagger England
88%
Hans Zimmer, Nico, Tokio Hotel Germany
85%
Daft Punk, Johnny Hallyday, Vanessa Paradis France
82%
Andrea Bocelli, Luciano Pavarotti, Mina Italy
81%
Tame Impala, Sia, Keith Urban Australia
79%
Belinda, Pedro Infante, Vicente Fernández Mexico
76%
a-ha, M2M, Mayhem Norway
62%
Van Morrison, Paul McLoone, The Undertones Northern Ireland
55%
Tiësto, Anouk, Afrojack Netherlands
39%
Tarkan, Sezan Aksu, Sertab Erener Turkey
38%
Amr Diab, Sherine, Sheikh Imam Egypt
37%
Arik Einstein, Ofra Haza, Gene Simmons Israel
36%
Amália Rodrigues, Mariza, Carmen Miranda Portugal
27%
Googoosh, Farzad Farzin, Dariush Iran
18%
Polo Hofer, DJ Antoine, Patrick Juvet Switzerland
18%
The TOYS, Thongchai McIntyre, Tilly Birds Thailand
12%
Gary Valenciano, Sara Geronimo, Jed Madela Philippines
4%
No matching quizzes found
Score Distribution
Percent of People with Each Score
Percentile by Number Answered
Your Score History
You have not taken this quiz